Sacred Writings (Record no. 10123)

MARC details
000 -LEADER
fixed length control field 00556nam a2200229 a 4500
020 ## - INTERNATIONAL STANDARD BOOK NUMBER
ISBN 1855679
082 00 - DEWEY DECIMAL CLASSIFICATION NUMBER
Classification number 291.82
Author Cutter HOL
100 ## - MAIN ENTRY--AUTHOR NAME
Author name Holm, Jean
245 ## - TITLE STATEMENT
Title Sacred Writings
260 ## - PUBLICATION, DISTRIBUTION, ETC. (IMPRINT)
Place of publication London
Name of publisher Pinter Publisher
Year of publication 1994
300 ## - PHYSICAL DESCRIPTION
Number of Pages 201p
500 ## - GENERAL NOTE
General note includes index and biblioraphy
505 2# - FORMATTED CONTENTS NOTE
Formatted contents note Index
650 ## - SUBJECT ADDED ENTRY--TOPICAL TERM
Topical Term Comparative Religion-Scriptures
942 ## - ADDED ENTRY ELEMENTS (KOHA)
Koha item type Books
Holdings
Collection code Home library Current library Date acquired Cost, normal purchase price Full call number Accession Number Koha item type
  Henry Martyn Institute Library Henry Martyn Institute Library 10/30/2007 2145.00 291.82 HOL 017525 Books
                   Copyright © 2026 | Henry Martyn Institute | Hyderabad | TS-500052 | INDIA | Implemented by hmi.edu.in
Hit-Count:

Powered by Koha